Upanyas shilpi ajney (Record no. 74248)

MARC details
000 -LEADER
fixed length control field 00625 2200193 4500
005 - DATE AND TIME OF LATEST TRANSACTION
control field 20120822113247.0
008 - FIXED-LENGTH DATA ELEMENTS--GENERAL INFORMATION
fixed length control field 120822t xxu||||| |||| 00| 0 eng d
041 ## - Language Code
Language code of text/sound track or separate title Hindi
080 ## - UNIVERSAL DECIMAL CLASSIFICATION NUMBER
Universal Decimal Classification number 89H-3.09
Item number MOU
100 ## - MAIN ENTRY--PERSONAL NAME
Personal name Mourye, Dev Krishna
245 ## - TITLE STATEMENT
Title Upanyas shilpi ajney
300 ## - PHYSICAL DESCRIPTION
Extent 146p.
653 ## - INDEX TERM--UNCONTROLLED
Uncontrolled term Hindi literature-criticism
653 ## - INDEX TERM--UNCONTROLLED
Uncontrolled term Ajney-fiction criticism
942 ## - ADDED ENTRY ELEMENTS (KOHA)
item type Books
260 ## - PUBLICATION, DISTRIBUTION, ETC. (IMPRINT)
Name of publisher, distributor, etc Shailaja Prakashan
Date of publication, distribution, etc 2006
Place of publication, distribution, etc Kanpur
020 ## - INTERNATIONAL STANDARD BOOK NUMBER
International Standard Book Number 8190239120
260 ## - PUBLICATION, DISTRIBUTION, ETC. (IMPRINT)
-- 21312
Holdings
Lost status Source of classification or shelving scheme Not for loan Home library Current library Shelving location Date acquired Cost, normal purchase price Total Checkouts Full call number Barcode Date last seen Date checked out Cost, replacement price Price effective from Koha item type
  Universal Decimal Classification   University Library University Library General Stacks 01/06/2012 0.00 3 89H-3.09 MOU 00067750 29/09/2018 03/09/2018 0.00 01/06/2012 Books
University Library, CUSAT